000 00591cam a22001932 4500
001 0000001459
005 20151217151818.0
008 070312s xx 000 0 eng d
040 _aKABU
_cKABU
050 0 _aHC865
_b.L49
100 1 _aLeys, Colin.
_@0000150238
245 1 0 _aUnderdevelopment in Kenya :
_bthe Political economy of neo-colonialism 1964-1971.
260 _aNairobi :
_bHeineman,
_c1975.
300 _axv, 284 p.
852 1 _9p500 KES
852 1 _9p980 KES
908 _a070312
950 _@1
999 _c5275
_d5275